[Event "SVR-ch MTA 30th"]
[Site "Nickenich"]
[Date "2007.03.31"]
[Round "2"]
[White "Schwab, Thomas"]
[Black "Strassner, Andreas"]
[Result "1/2-1/2"]
[WhiteElo "2139"]
[BlackElo "2108"]
[PlyCount "34"]
[EventDate "2007.03.30"]
[EventType "tourn"]
[EventRounds "9"]
[EventCountry "GER"]
[SourceTitle "EXT 2009"]
[Source "ChessBase"]
[SourceDate "2008.11.26"]
[SourceVersion "1"]
[SourceVersionDate "2008.11.26"]
[SourceQuality "1"]

1. e4 e5 2. Bc4 Nc6 3. Nc3 Nf6 4. d3 Na5 5. Qf3 Nxc4 6. dxc4 d6 7. Nge2 Be6 8. b3 Qd7 9. Ng3 Be7 10. 0-0 0-0 11. h3 c6 12. Rd1 b6 13. a4 Rfd8 14. Ba3 Bf8 15. Rd3 Ne8 16. Rad1 g6 17. Bc1 f6 1/2-1/2

[Event "SVR-ch MTA 29th"]
[Site "Koblenz"]
[Date "2006.04.08"]
[Round "2"]
[White "Gruschinski, Rainer"]
[Black "Strassner, Andreas"]
[Result "1-0"]
[WhiteElo "2154"]
[BlackElo "2122"]
[PlyCount "75"]
[EventDate "2006.04.07"]
[EventType "tourn"]
[EventRounds "9"]
[EventCountry "GER"]
[SourceTitle "EXT 2009"]
[Source "ChessBase"]
[SourceDate "2008.11.26"]
[SourceVersion "1"]
[SourceVersionDate "2008.11.26"]
[SourceQuality "1"]

1. e4 c5 2. Nf3 Nc6 3. d4 cxd4 4. Nxd4 Nf6 5. Nc3 a6 6. Nxc6 dxc6 7. Qxd8+ Kxd8 8. Be3 Ke8 9. 0-0-0 e6 10. f3 Be7 11. Be2 Nd7 12. f4 e5 13. g3 b5 14. Rd2 Bb7 15. Rhd1 Rd8 16. Bg4 Nf6 17. Rxd8+ Bxd8 18. Bh3 exf4 19. gxf4 Ba5 20. Bc5 Bxc3 21. bxc3 g6 22. Kb2 h5 23. Kb3 Ng4 24. Bxg4 hxg4 25. Bd4 f6 26. Bxf6 Rxh2 27. e5 Kf7 28. Rd7+ Ke6 29. Rxb7 g3 30. Bd8 g2 31. Re7+ Kf5 32. Rf7+ Ke4 33. Bb6 Rh1 34. e6 Kd5 35. e7 Re1 36. Rf6 c5 37. Rxg6 Rxe7 38. Rxg2 1-0

[Event "Rheinland-ch MT-B 28th"]
[Site "Trier"]
[Date "2005.??.??"]
[Round "5"]
[White "Hitmy, Elli"]
[Black "Strassner, Andreas"]
[Result "0-1"]
[WhiteElo "2150"]
[BlackElo "2105"]
[PlyCount "134"]
[EventDate "2005.03.??"]
[EventType "tourn"]
[EventRounds "9"]
[EventCountry "GER"]
[SourceTitle "EXT 2009"]
[Source "ChessBase"]
[SourceDate "2008.11.26"]
[SourceVersion "1"]
[SourceVersionDate "2008.11.26"]
[SourceQuality "1"]

1. d4 f5 2. g3 Nf6 3. Bg2 d5 4. Nf3 e6 5. 0-0 Be7 6. c4 0-0 7. b3 c6 8. Ba3 b6 9. Bxe7 Qxe7 10. Ne5 Bb7 11. Nd2 Nbd7 12. Nd3 Ne4 13. Nf3 Rfc8 14. Nfe5 Nxe5 15. Nxe5 Nf6 16. Rc1 Rc7 17. c5 b5 18. Qc2 Nd7 19. Nf3 Qf6 20. e3 g5 21. Nd2 Nf8 22. Qc3 a5 23. f3 Ba6 24. Rf2 Ng6 25. e4 b4 26. Qb2 f4 27. Bf1 Bxf1 28. Rcxf1 Rd7 29. e5 Qf5 30. g4 Qd3 31. Nb1 Rda7 32. Qd2 Qxd2 33. Nxd2 Nf8 34. Ra1 a4 35. Rb1 a3 36. Kf1 Nd7 37. Ke2 Nb8 38. Rh1 Rg7 39. h4 gxh4 40. Rxh4 Raa7 41. Rfh2 Raf7 42. Rh6 Rg6 43. Nf1 Na6 44. Kd3 Rxh6 45. Rxh6 Nc7 46. Nd2 Kg7 47. Rh2 Nb5 48. Nb1 Kg6 49. Rh5 h6 50. Rh2 Rh7 51. Rh5 Rh8 52. Rh2 h5 53. gxh5+ Rxh5 54. Rg2+ Rg5 55. Rh2 Kg7 56. Rh4 Rg2 57. Rxf4 Rxa2 58. Rg4+ Kf7 59. Rf4+ Ke7 60. Rh4 Rb2 61. Rh7+ Kf8 62. Nd2 Nxd4 63. Kxd4 Rxd2+ 64. Ke3 Rb2 65. Kf4 Rxb3 66. Kg4 a2 67. Ra7 Ra3 0-1

[Event "Rheinland-ch MT-B 28th"]
[Site "Trier"]
[Date "2005.??.??"]
[Round "6"]
[White "Strassner, Andreas"]
[Black "Dany, Alexander"]
[Result "1/2-1/2"]
[WhiteElo "2105"]
[BlackElo "1870"]
[PlyCount "44"]
[EventDate "2005.03.??"]
[EventType "tourn"]
[EventRounds "9"]
[EventCountry "GER"]
[SourceTitle "EXT 2009"]
[Source "ChessBase"]
[SourceDate "2008.11.26"]
[SourceVersion "1"]
[SourceVersionDate "2008.11.26"]
[SourceQuality "1"]

1. d4 Nf6 2. Nf3 g6 3. g3 Bg7 4. Bg2 0-0 5. 0-0 d6 6. c4 c6 7. Nc3 Nbd7 8. Qc2 e5 9. b3 Re8 10. dxe5 dxe5 11. Rd1 Qe7 12. e4 a6 13. a4 a5 14. Ba3 Nc5 15. Ne1 Be6 16. Nd3 Nfd7 17. Nd5 cxd5 18. cxd5 b6 19. dxe6 Qxe6 20. Nxc5 Nxc5 21. Rd5 Rac8 22. Bxc5 Bf8 1/2-1/2

[Event "Oberliga Sued W 0304"]
[Site "Germany"]
[Date "2004.03.07"]
[Round "7.7"]
[White "Strassner, Andreas"]
[Black "Otterstaetter, Stefan"]
[Result "1/2-1/2"]
[WhiteElo "2114"]
[BlackElo "2178"]
[PlyCount "98"]
[EventDate "2003.10.12"]
[EventType "team"]
[EventRounds "9"]
[EventCountry "GER"]
[SourceTitle "EXT 2006"]
[Source "ChessBase"]
[SourceDate "2005.11.24"]
[SourceVersion "1"]
[SourceVersionDate "2005.11.24"]
[SourceQuality "1"]
[WhiteTeam "Siershahn"]
[BlackTeam "Ludwigshafen"]
[WhiteTeamCountry "GER"]
[BlackTeamCountry "GER"]

1. e4 c5 2. Nf3 Nf6 3. Nc3 Nc6 4. d4 d5 5. exd5 Nxd5 6. Nxd5 Qxd5 7. Be3 cxd4 8. Nxd4 a6 9. c3 Nxd4 10. Qxd4 Qxd4 11. Bxd4 Bd7 12. 0-0-0 Bc6 13. f3 e6 14. Rg1 Rc8 15. Bd3 Bd5 16. Kb1 f6 17. Rge1 Kf7 18. Be4 Bxe4+ 19. Rxe4 Rd8 20. Kc2 e5 21. Bb6 Rxd1 22. Kxd1 Bd6 23. c4 Rc8 24. b3 Rc6 25. Ba5 Bc5 26. Bc3 Bg1 27. Kc2 Rc8 28. h3 g5 29. b4 Ke6 30. Re1 Bf2 31. Re2 Bg3 32. Kb3 h5 33. c5 Rd8 34. Kc4 f5 35. a4 e4 36. b5 axb5+ 37. axb5 Be5 38. fxe4 f4 39. Rd2 Rxd2 40. Bxd2 h4 41. Be1 g4 42. hxg4 f3 43. Bxh4 fxg2 44. Bf2 Bh2 45. c6 bxc6 46. bxc6 Kd6 47. g5 Kxc6 48. g6 Be5 49. Kd3 Kd7 1/2-1/2

[Event "SVR-ch MTB"]
[Site "Hoehr-Grenzhausen"]
[Date "2004.??.??"]
[Round "9"]
[White "Matriciani, Ruediger"]
[Black "Strassner, Andreas"]
[Result "1/2-1/2"]
[WhiteElo "2010"]
[BlackElo "2110"]
[PlyCount "24"]
[EventDate "2004.??.??"]
[EventType "tourn"]
[EventRounds "9"]
[EventCountry "GER"]
[SourceTitle "EXT 2009"]
[Source "ChessBase"]
[SourceDate "2008.11.26"]
[SourceVersion "1"]
[SourceVersionDate "2008.11.26"]
[SourceQuality "1"]

1. e4 e5 2. Nf3 Nc6 3. d4 exd4 4. Bc4 d6 5. Nxd4 Nxd4 6. Qxd4 Qf6 7. Be3 Be6 8. Nd2 Qxd4 9. Bxd4 Bxc4 10. Nxc4 f6 11. 0-0-0 Ne7 12. Ne3 0-0-0 1/2-1/2

[Event "SVR-ch MTB"]
[Site "Hoehr-Grenzhausen"]
[Date "2004.??.??"]
[Round "4"]
[White "Strassner, Andreas"]
[Black "Mattern, Markus"]
[Result "0-1"]
[WhiteElo "2110"]
[BlackElo "2115"]
[PlyCount "60"]
[EventDate "2004.??.??"]
[EventType "tourn"]
[EventRounds "9"]
[EventCountry "GER"]
[SourceTitle "EXT 2009"]
[Source "ChessBase"]
[SourceDate "2008.11.26"]
[SourceVersion "1"]
[SourceVersionDate "2008.11.26"]
[SourceQuality "1"]

1. d4 e6 2. c4 f5 3. g3 Nf6 4. Bg2 d5 5. Nc3 c6 6. c5 b6 7. cxb6 axb6 8. Nf3 Bd6 9. 0-0 Nbd7 10. a3 0-0 11. Qc2 Qc7 12. Bd2 Ba6 13. Rfc1 Rfc8 14. Ng5 Nf8 15. f4 c5 16. Nxe6 Nxe6 17. Qxf5 Nxd4 18. Bxd5+ Kh8 19. Qg5 Nxd5 20. Nxd5 Nxe2+ 21. Kf2 Qf7 22. Nxb6 Nxc1 23. Rxc1 h6 24. Qg4 Rab8 25. Nxc8 Bxc8 26. Qf3 Rxb2 27. Qd3 Be7 28. Re1 Bf6 29. Re2 Bg4 30. Re1 Bd4+ 0-1

[Event "Oberliga Sued W 0304"]
[Site "Germany"]
[Date "2003.11.02"]
[Round "2.5"]
[White "Strassner, Andreas"]
[Black "Kiefer, Daniel"]
[Result "0-1"]
[WhiteElo "2114"]
[BlackElo "2239"]
[PlyCount "84"]
[EventDate "2003.10.12"]
[EventType "team"]
[EventRounds "9"]
[EventCountry "GER"]
[SourceTitle "EXT 2006"]
[Source "ChessBase"]
[SourceDate "2005.11.24"]
[SourceVersion "1"]
[SourceVersionDate "2005.11.24"]
[SourceQuality "1"]
[WhiteTeam "Siershahn"]
[BlackTeam "Mainz"]
[WhiteTeamCountry "GER"]
[BlackTeamCountry "GER"]

1. d4 Nf6 2. c4 d6 3. Nc3 g6 4. e4 Bg7 5. Be2 0-0 6. Be3 e5 7. d5 Na6 8. a3 Nd7 9. b4 f5 10. f3 Nf6 11. Qd2 Nh5 12. Bg5 Bf6 13. Nh3 fxe4 14. Nxe4 Bxh3 15. Nxf6+ Nxf6 16. gxh3 Qd7 17. h4 Nh5 18. 0-0-0 Rae8 19. Rdg1 Qh3 20. Kb2 Nf4 21. Bd1 Kh8 22. Rg4 Nb8 23. Rhg1 Nd7 24. Bh6 Rf7 25. Bxf4 exf4 26. Rxf4 Rxf4 27. Qxf4 Ne5 28. Be2 Kg7 29. Rg3 Qd7 30. h5 Rf8 31. Qd4 Qf5 32. hxg6 hxg6 33. Qxa7 Qf4 34. Kc3 Qc1+ 35. Kb3 Qb1+ 36. Kc3 Qe1+ 37. Kb3 Qxe2 38. Qd4 Rxf3+ 39. Ka4 Rxg3 40. hxg3 Qxc4 41. Qd2 Qa6+ 42. Kb3 Qd3+ 0-1

[Event "Oberliga Sued W 0203"]
[Site "Germany"]
[Date "2003.03.09"]
[Round "8.8"]
[White "Strassner, Andreas"]
[Black "Hellenkamp, Andre"]
[Result "1/2-1/2"]
[WhiteElo "2125"]
[BlackElo "1742"]
[PlyCount "89"]
[EventDate "2002.10.??"]
[EventType "team"]
[EventRounds "9"]
[EventCountry "GER"]
[SourceTitle "EXT 2005"]
[Source "ChessBase"]
[SourceDate "2004.11.15"]
[SourceVersion "1"]
[SourceVersionDate "2004.11.15"]
[SourceQuality "1"]

1. e4 c6 2. d4 d5 3. Nc3 dxe4 4. Nxe4 Bf5 5. Ng3 Bg6 6. Nf3 Nd7 7. c3 Qc7 8. Bd3 Ngf6 9. Qe2 Bxd3 10. Qxd3 e6 11. Be3 Be7 12. 0-0 0-0 13. Ng5 Rad8 14. Qe2 h6 15. N5e4 Nxe4 16. Nxe4 Nf6 17. Nxf6+ Bxf6 18. f4 Rd5 19. Qg4 g6 20. Rf3 Rh5 21. Rg3 Kh7 22. Rh3 Rxh3 23. Qxh3 Bg7 24. Qf3 Qa5 25. g4 Qd5 26. Kg2 Qxf3+ 27. Kxf3 Rd8 28. Re1 Kg8 29. Ke4 f5+ 30. Kf3 Kf7 31. Bf2 Bf6 32. h4 fxg4+ 33. Kxg4 h5+ 34. Kf3 a6 35. Ke4 Rd5 36. c4 Rd7 37. Rd1 Ke7 38. b3 Kf7 39. Bg3 Bd8 40. d5 exd5+ 41. cxd5 Bc7 42. Rd3 cxd5+ 43. Rxd5 Rxd5 44. Kxd5 Kf6 45. Ke4 1/2-1/2

[Event "Oberliga Sued W 0102"]
[Site "Germany"]
[Date "2001.09.23"]
[Round "?"]
[White "Paci, Cedric"]
[Black "Strassner, Andreas"]
[Result "1/2-1/2"]
[WhiteElo "2275"]
[BlackElo "2129"]
[PlyCount "73"]
[EventDate "2001.10.09"]
[EventType "team"]
[EventRounds "9"]
[EventCountry "GER"]
[SourceTitle "EXT 2003"]
[Source "ChessBase"]
[SourceDate "2002.11.25"]
[SourceVersion "1"]
[SourceVersionDate "2002.11.25"]
[SourceQuality "1"]

1. d4 Nf6 2. Nf3 e6 3. g3 c5 4. c4 cxd4 5. Nxd4 d5 6. Bg2 Bc5 7. Nb3 Bb4+ 8. Bd2 Bxd2+ 9. N1xd2 Bd7 10. cxd5 exd5 11. 0-0 0-0 12. Nf3 Nc6 13. Nfd4 Qb6 14. Rc1 Nxd4 15. Qxd4 Qxd4 16. Nxd4 Rac8 17. Rfd1 a6 18. Nb3 Rxc1 19. Rxc1 Rc8 20. Rxc8+ Bxc8 21. f3 Kf8 22. Kf2 Ke7 23. Ke3 Kd6 24. Kd4 b6 25. Nd2 Be6 26. b4 h6 27. e3 Nd7 28. Bf1 Nb8 29. Nb3 Nc6+ 30. Kc3 a5 31. bxa5 Nxa5 32. Nxa5 bxa5 33. Kd4 Bd7 34. Bd3 f6 35. f4 Be6 36. Bc2 Bg4 37. a3 1/2-1/2

[Event "SVR-ch MTA"]
[Site "Reil"]
[Date "2000.??.??"]
[Round "2"]
[White "Czeratzki, Michael"]
[Black "Strassner, Andreas"]
[Result "1-0"]
[WhiteElo "2162"]
[BlackElo "2200"]
[PlyCount "77"]
[EventDate "2000.??.??"]
[EventType "tourn"]
[EventRounds "9"]
[EventCountry "GER"]
[SourceTitle "EXT 2002"]
[Source "ChessBase"]
[SourceDate "2001.11.25"]
[SourceVersion "1"]
[SourceVersionDate "2001.11.25"]
[SourceQuality "1"]

1. d4 Nf6 2. e3 d6 3. f4 g6 4. Nf3 Bg7 5. Bd3 c6 6. c3 0-0 7. 0-0 Nbd7 8. e4 e5 9. Kh1 Nh5 10. f5 d5 11. exd5 cxd5 12. dxe5 Nxe5 13. Nxe5 Bxe5 14. Qg4 Qd6 15. Qh4 Re8 16. Nd2 Ng7 17. fxg6 hxg6 18. Nf3 Nf5 19. Bxf5 Bxf5 20. Ng5 Qf6 21. Bd2 Qh8 22. Qxh8+ Bxh8 23. Nxf7 Kxf7 24. g4 Re2 25. Bg5 Rae8 26. gxf5 Rxb2 27. fxg6+ Kxg6 28. Bf4 Ree2 29. Rad1 Rb5 30. Rd3 Kf5 31. Rh3 Bf6 32. Bb8+ Kg6 33. Rg3+ Kf7 34. Rgf3 Re6 35. Bxa7 Ke7 36. Bb8 Rc6 37. Bg3 Bxc3 38. Re3+ Kd7 39. Rf7+ 1-0

[Event "SVR-ch MTA"]
[Site "Reil"]
[Date "2000.??.??"]
[Round "7"]
[White "Mattern, Markus"]
[Black "Strassner, Andreas"]
[Result "1-0"]
[WhiteElo "2113"]
[BlackElo "2200"]
[PlyCount "53"]
[EventDate "2000.??.??"]
[EventType "tourn"]
[EventRounds "9"]
[EventCountry "GER"]
[SourceTitle "EXT 2002"]
[Source "ChessBase"]
[SourceDate "2001.11.25"]
[SourceVersion "1"]
[SourceVersionDate "2001.11.25"]
[SourceQuality "1"]

1. d4 Nf6 2. Nf3 d6 3. g3 g6 4. Bg2 Bg7 5. 0-0 0-0 6. c4 c6 7. Nc3 Nbd7 8. Qc2 a5 9. Rd1 Qc7 10. b3 e5 11. dxe5 Nxe5 12. Nxe5 dxe5 13. Ba3 Rd8 14. Rxd8+ Qxd8 15. Rd1 Qe8 16. Qd2 Be6 17. h3 Nd7 18. Ne4 a4 19. Bd6 f6 20. Qb4 axb3 21. axb3 b5 22. Nc3 bxc4 23. bxc4 Bxc4 24. Bxc6 Ra6 25. Nd5 Qd8 26. Bc7 Qe8 27. Nb6 1-0

[Event "SVR-ch MTA"]
[Site "Reil"]
[Date "2000.??.??"]
[Round "3"]
[White "Strassner, Andreas"]
[Black "Roos, Thomas"]
[Result "1/2-1/2"]
[WhiteElo "2200"]
[BlackElo "2290"]
[PlyCount "56"]
[EventDate "2000.??.??"]
[EventType "tourn"]
[EventRounds "9"]
[EventCountry "GER"]
[SourceTitle "EXT 2002"]
[Source "ChessBase"]
[SourceDate "2001.11.25"]
[SourceVersion "1"]
[SourceVersionDate "2001.11.25"]
[SourceQuality "1"]

1. e4 c5 2. Nf3 d6 3. d4 cxd4 4. Nxd4 Nf6 5. Nc3 Nc6 6. Bc4 e6 7. Bb3 Be7 8. Be3 0-0 9. 0-0 Bd7 10. f3 Nxd4 11. Qxd4 Qc7 12. Rfd1 Bc6 13. Qd2 b5 14. Ne2 a5 15. c4 bxc4 16. Bxc4 d5 17. exd5 Bxd5 18. Bb5 Bd6 19. h3 Rfd8 20. Nd4 Nh5 21. Bf2 Nf4 22. Bf1 Be5 23. Rac1 Qe7 24. b3 a4 25. b4 Ng6 26. Be3 a3 27. Bc4 Bxc4 28. Rxc4 Rd5 1/2-1/2

[Event "SVR-chB"]
[Site "Nickenich"]
[Date "1998.04.??"]
[Round "?"]
[White "Strassner, Andreas"]
[Black "Kuhn, Juergen"]
[Result "1/2-1/2"]
[WhiteElo "2045"]
[BlackElo "2010"]
[PlyCount "33"]
[EventDate "1998.04.??"]
[EventType "tourn"]
[EventRounds "9"]
[EventCountry "GER"]
[SourceTitle "EXT 2000"]
[Source "ChessBase"]
[SourceDate "1999.11.16"]
[SourceVersion "1"]
[SourceVersionDate "1999.11.16"]
[SourceQuality "1"]

1. e4 Nf6 2. Nc3 d5 3. exd5 Nxd5 4. d4 Bf5 5. Nxd5 Qxd5 6. Nf3 e6 7. c3 Be7 8. Be2 0-0 9. 0-0 Nd7 10. Bf4 c5 11. dxc5 Qxd1 12. Rfxd1 Nxc5 13. Bd6 Bxd6 14. Rxd6 Rfd8 15. Rad1 Rxd6 16. Rxd6 Kf8 17. Ne5 1/2-1/2